书目信息 |
| 题名: |
中国近代建筑纲要(1840-1949年)
|
|
| 作者: | 黄元炤 著 | |
| 分册: | ||
| 出版信息: | 北京 中国建筑工业出版社 2015 |
|
| 页数: | 633页 | |
| 开本: | 29cm | |
| 丛书名: | ||
| 单 册: | ||
| 中图分类: | TU-092.5 | |
| 科图分类: | ||
| 主题词: | 建筑史--中国--1840-1949 | |
| 电子资源: | ||
| ISBN: | 978-7-112-18095-0 | |
| 000 | 01131nam0 2200241 450 | |
| 001 | 0100004902 | |
| 005 | 20191105091045.29 | |
| 010 | @a978-7-112-18095-0@dCNY138.00 | |
| 100 | @a20151216d2015 em y0chiy50 ea | |
| 101 | 0 | @achi |
| 102 | @aCN@b110000 | |
| 105 | @aa z 000yy | |
| 200 | 1 | @a中国近代建筑纲要(1840-1949年)@dOutline of Chinese architecture of modern times@f黄元炤著@zeng@Azhong guo jin dai jian zhu gang yao (1840-1949 nian ) |
| 210 | @a北京@c中国建筑工业出版社@d2015 | |
| 215 | @a633页@c图,照片@d29cm | |
| 300 | @a北京建筑大学建筑设计艺术研究中心建设项目支持 | |
| 330 | @a本书通过大量的查阅和收集工作,以及实地考察与挖掘,在汇集既有的和新发现的史料后,重新整理、细分,并编制成“年表”。另外,从读解史料与年表的过程中,进行基础性的概括和归纳,以“纲要”的方式,将中国近代建筑作适切的梳理和衔接,还原当时所能掌握到的事件和现象,进行细致,严谨、客观的分类和分析。 | |
| 510 | 1 | @aOutline of Chinese architecture of modern times@zeng |
| 606 | 0 | @a建筑史@y中国@z1840-1949 |
| 690 | @aTU-092.5@v5 | |
| 701 | 0 | @a黄元炤@4著@Ahuang yuan zhao |
| 801 | 0 | @aCN@c20160515 |
| 905 | @a河南城建学院图书馆@dTU-092.5@eH919 | |
| 中国近代建筑纲要(1840-1949年)=Outline of Chinese architecture of modern times/黄元炤著.-北京:中国建筑工业出版社,2015 |
| 633页:图,照片;29cm |
| 北京建筑大学建筑设计艺术研究中心建设项目支持 |
| ISBN 978-7-112-18095-0:CNY138.00 |
| 本书通过大量的查阅和收集工作,以及实地考察与挖掘,在汇集既有的和新发现的史料后,重新整理、细分,并编制成“年表”。另外,从读解史料与年表的过程中,进行基础性的概括和归纳,以“纲要”的方式,将中国近代建筑作适切的梳理和衔接,还原当时所能掌握到的事件和现象,进行细致,严谨、客观的分类和分析。 |
| ● |
| 相关链接 |
|
|
|
正题名:中国近代建筑纲要(1840-1949年)
索取号:TU-092.5/H919
 
预约/预借
| 序号 | 登录号 | 条形码 | 馆藏地/架位号 | 状态 | 备注 |
| 1 | 1232547 | 212325474 | 建筑库101/101建筑库 7排4列2层/ [索取号:TU-092.5/H919] | 在馆 | |
| 2 | 1232548 | 212325483 | 建筑库101/101建筑库 7排4列2层/ [索取号:TU-092.5/H919] | 在馆 | |
| 3 | 1232549 | 212325492 | 建筑库101/101建筑库 7排4列2层/ [索取号:TU-092.5/H919] | 在馆 | |
| 4 | 1232550 | 212325508 | 建筑库101/101建筑库 7排4列2层/ [索取号:TU-092.5/H919] | 在馆 | |
| 5 | 1232551 | 212325517 | 建筑库101/101建筑库 7排4列2层/ [索取号:TU-092.5/H919] | 在馆 | |
| 6 | 1285212 | 212852126 | 建筑库101/101建筑库 7排4列2层/ [索取号:TU-092.5/H919] | 在馆 |